000
00208 a2200097 4500
001
7771
100
_a
Mehachlan
245
_a
Laplace Transformation
260
_a
_b
Dover Publication
_c
090
_c
6225
_d
6225
942
_a
NUST-CAE
_c
M
_c
32740
999
_c
242844
_d
242844